| 000 | 00428cam a22001217a 4500 | ||
|---|---|---|---|
| 008 | 180718b1997 xxu||||| |||| 00| 0 eng d | ||
| 082 | _aA84x54 In2/1996 | ||
| 245 |
_aBharat: varshik sandarbh granth _cby Ministry of Information and Broadcasting |
||
| 260 |
_aNew Delhi _bMinistry of Information and Broadcasting _c1997 |
||
| 300 | _a847p. | ||
| 650 | _aIndia - Yearbooks | ||
| 700 | _aIndia. Ministry of Information and Broadcasting | ||
| 999 |
_c483524 _d483524 |
||